|
|
|
|
| LEADER |
00000nab a2200000 a 4500 |
| 001 |
vtls000094349 |
| 003 |
SK-MaSNL |
| 005 |
20260304221527.0 |
| 008 |
111103c1981 xo 0 slo |
| 015 |
|
|
|a SNBRB19rr/mm-uuuuu
|
| 035 |
|
|
|a CL0104452
|
| 040 |
|
|
|a SNKBUCL
|b slo
|c SNKBUCL
|e AACR2
|
| 041 |
0 |
|
|a slo
|
| 044 |
|
|
|a xo
|c SK
|
| 080 |
|
|
|a 894.511-7
|2 1981
|
| 100 |
1 |
|
|a Galambos, Szilveszter,
|d 1927-2018
|4 aut
|9 1454658
|
| 245 |
1 |
0 |
|a Hosť z dediny
|c Szilveszter Galambos
|
| 650 |
0 |
7 |
|a humoresky
|2 snkbucl
|9 73390
|
| 655 |
|
7 |
|a články z novín a časopisov
|2 snkbucl
|9 267496
|
| 655 |
|
7 |
|a články z odboru literárna veda a krásna literatúra
|2 snkbucl
|9 770045
|
| 773 |
0 |
|
|t Express
|g Roč. 13, č. 32 (1981), s. 22
|
| 850 |
|
|
|a Slovenská národná knižnica v Martine
|a MTA001
|
| 852 |
|
|
|a SNK
|b KIS3GCP
|
| 958 |
|
|
|a RK
|
| 958 |
|
|
|a LX
|
| 992 |
|
|
|a RBX
|
| 999 |
|
|
|c 3158321
|d 3160251
|